Siyaset yazıları (Record no. 10655)

MARC details
000 -BAŞLIK
Sabit Uzunlukta Kontrol Alanı 00867na a2200277 4500
001 - KONTROL NUMARASI
Denetim Alanı 24094
003 - KONTROL NUMARASI IDENTIFIER
Denetim Alanı MIRAKIL
005 - SON İŞLEM TARİHİ VE ZAMANI
Denetim Alanı 20181213155330.0
008 - SABİT-BOY VERİ ELEMANLARI - GENEL BİLGİLER
Sabit Uzunlukta Kontrol Alanı 180326b tu 000 0
040 ## - KATALOGLAMA KAYNAK
Orijinal Kataloglama Ajansı Milas
Kataloglama Dili tur
Metne Dönüştürmek Ajansı TR-AnCHP
041 ## - DİL KODU
Metin / Ses Parça Veya Ayrı Başlığın Dil Kodu tur
082 ## - DEWEY ONLU SINIFLANDIRMA NUMARASI
Sınıflandırma Numarası 320.9561
Ürün Numarası C35s 1984
090 ## - SINIFLAMA NUMARASI
Sınıflama Numarası 320.9561 C35s 1984
100 ## - ANA GİRİŞ - KİŞİSEL İSİM
Kişisel Ad Cem, İsmail
Bir Adıyla İlişkilendirilen Tarihler 1940-2007
245 ## - BAŞLIK TABLOSU
Başlık Siyaset yazıları
Başlığın Kalan Geçiş dönemi Türkiyesi
-- 1981-1984 yılları
Sorumluluk Tablosu, Vb İsmail Cem
246 ## - UNVAN FORM VARYING
Başlık Doğru / Kısa Başlığı 1981-1984 yılları
246 ## - UNVAN FORM VARYING
Başlık Doğru / Kısa Başlığı Geçiş dönemi Türkiyesi
260 ## - YAYIN, DAĞITIM, VB
Yayın, Dağıtım, Vb Yeri İstanbul
Yayıncı, Dağıtıcı, Vs Adı Cem Yayınevi
Yayın, Dağıtım, Vb Tarihi 1984
Üretici Firma Öztürk Matbaası
300 ## - FİZİKSEL TANIM
Kapsam 327 s.
Boyutlar 19 sm.
440 ## - SERİSİ TABLOSU / KATMA GİRİŞİ - BAŞLIK
Başlık Kültür dizisi
600 ## - KONU KATMA GİRİŞ - KURUMSAL ADI
Kişisel Ad Cem, İsmail
Bir Adıyla İlişkilendirilen Tarihler 1940-2007
Genel Alt Bölümü Siyasi yazılar
650 ## - KONU KATMA GİRİŞ - TOPİKAL DÖNEM
Topikal Süreli Veya Coğrafi Ad Giriş Elemanı Siyaset ve yönetim
Genel Alt Bölümü Türkiye
Kronolojik Alt Bölümü 1981-1984
740 ## - KATMA GİRİŞ - KONTROLSUZ İLGİLİ / ANALİTİK BAŞLIK
Kontrol Edilmeyen / İlgili Analitik Başlıktaki 1981-1984 yılları
740 ## - KATMA GİRİŞ - KONTROLSUZ İLGİLİ / ANALİTİK BAŞLIK
Kontrol Edilmeyen / İlgili Analitik Başlıktaki Geçiş dönemi Türkiyesi
942 ## - EKLENDİ GİRİŞ ELEMANLARI (KOHA)
Sınıflandırma Veya Raf Düzeni Kaynak Dewey Decimal Classification
Koha Öğesi Türü Books
999 ## - SİSTEM KONTROL NUMARALARI (KOHA)
Koha Biblionumber 10655
Koha Biblioitemnumber 10655
Holdings
Kalıcı Konum Mevcut Konum Edinme Tarihi Edinim Kaynak Toplam Check-Out'Lar Tam Çağrı Numarası Barkod Tarih Son Görülme Tarihi Geçen Teslim İtibaren Geçerli Fiyatlar Koha Öğesi Türü
CHP Kütüphanesi CHP Kütüphanesi 03/26/2018 Bağış 2 320.9561 C35s 1984 018128 03/25/2021 03/24/2021 03/26/2018 Books